Biggest Cities in "N" Countries - Statistics

General Stats
  • This quiz has been taken 152 times
  • The average score is 10 of 13
Answer Stats
Hint Answer % Correct
1,624,000 Netherlands Amsterdam
98%
13,123,000 Nigeria Lagos
98%
2,850,000 North Korea Pyongyang
97%
1,356,000 New Zealand Auckland
96%
1,744,240 Nepal Kathmandu
94%
2,660,000 Netherlands Rotterdam
90%
2,440,000 Nigeria Abuja
87%
1,090,000 Niger Niamey
81%
3,550,000 Nigeria Kano
77%
3,160,000 Nigeria Ibadan
55%
2,340,000 Nigeria Port Harcourt
55%
1,490,000 Nigeria Benin City
47%
1,100,000 Nigeria Onitsha
18%
No matching quizzes found
Score Distribution
Percent of People with Each Score
Percentile by Number Answered
Your Score History
You have not taken this quiz